| 000 | 00416 a2200157 4500 | ||
|---|---|---|---|
| 005 | 20250628060532.0 | ||
| 020 | _a0 273 01028 X | ||
| 082 | _a658.72 BAI | ||
| 100 | _aBAILY, P. | ||
| 245 | _aPurchasing Principles and Techniques. | ||
| 250 | _a3rd Ed. | ||
| 260 |
_aNew Zealand, _bPitman publishing, _c1978. |
||
| 300 |
_aV, 353P.: Ill.; figures & table _bIndex _c24cm. |
||
| 700 | _aFARMER, D. | ||
| 942 |
_2ddc _cBKS |
||
| 999 |
_c2545 _d2545 |
||